000 00900cam a2200253 a 4500
020 _a0471034363
020 _a9788126533145
082 0 0 _a624.151
_bJOH
_cL-15, P-68
100 1 _aJohnson, Robert Britten,
_942293
245 1 0 _aPrinciples of engineering geology /
_cRobert B. Johnson, Jerome V. DeGraff.
260 _aNew York :
_bWiley,
_c2014.
300 _axiii, 497 p. :
_bill. ;
_c26 cm.
526 _a0
_b0
_c0
_d624_151000000000000_JOH
526 _a0
_b0
_c0
_d624_151000000000000_JOH
526 _a0
_b0
_c0
_d624_151000000000000_JOH
526 _a0
_b0
_c0
_d624_151000000000000_JOH
526 _a0
_b0
_c0
_d624_151000000000000_JOH
650 0 _aEngineering geology.
650 0 _aMCE
_9379
700 1 _aDeGraff, Jerome V.
_942294
856 4 _uhttp://www.loc.gov/catdir/toc/onix04/88005510.html
856 4 2 _uhttp://www.loc.gov/catdir/description/wiley033/88005510.html
942 _2ddc
_cBK
999 _c546327
_d546327